Task listening

Bibliographic Details
Main Authors: Blundell, Lesley (Author), Stokes, Jackie (Author)
Format: Book
Published: Cambridge : Cambridge University Press , 1981
Subjects:

MARC

LEADER 00000cam a2200000 7i4500
001 0000008714
005 20030312093000.0
008 021119s1981
020 |a 0521231361 ,   |c book 
020 |a 052123137X ,   |c cass 
090 0 0 |a PE1067   |b .B58 kit 
100 0 |a Blundell, Lesley ,   |e author 
245 1 0 |a Task listening   |c Lesley Blundell and Jackie Stokes 
260 2 |a Cambridge :   |b Cambridge University Press ,   |c 1981 
300 |a 2 v. +   |e 1 cassette (54 mins) 
650 0 |a English language   |x Grammar 
700 1 |a Stokes, Jackie ,   |e author 
999 |a 1000003298   |b Audio Cassette   |c Close Access   |e Gong Badak Campus 
999 |a 1000003299   |b Book   |c OPEN SHELF (30 DAYS)   |e Gong Badak Campus 
999 |a 1000003300   |b Book   |c OPEN SHELF (30 DAYS)   |e Gong Badak Campus 
999 |a 1000086367   |b Audio Cassette   |c Close Access   |e Gong Badak Campus